Culture Générale - Thème Disney #1 - Statistiques

Statistiques générales
  • Ce quiz a été pris 2 255 fois
  • Le résultat moyen est 29 sur 61
Statistiques - réponses
Catégorie Question Réponse % Correct
Dans quel dessin retrouve-t-on Riley et sa joie, sa tristesse, sapeur son dégoût et sa colère ? Vice-Versa
90%
Comment s'appelle la sœur d'Anastasie et le belle-sœur de Cendrillon Javotte
79%
Peronnages féminins Dans quel long-métrage retrouve-t-on Darla chez le dentiste ? Le Monde de Némo
79%
Quel méchant est accompagné de son perroquet Iago ? Jafar
74%
Complétez le titre : ''Volt, star ..." ? Malgré lui
74%
En plus d'un coq, quel animal accompagne Vaiana dans son aventure en 2016 ? Un cochon
74%
D'après le titre, comment est l'empereur Kuzco ? Mégalo
73%
Quel objet Raiponce utilise-t-elle pour arme ? Une poêle
73%
Personnages masculins Dans quel long-métrage Carl et Russell tente de joindre les Chutes de Paradis ? Là-Haut
72%
Créatures imaginaires Quel est le nom du dragon qui accompagne Mulan dans ses aventures ? Mushu
71%
Quelle est le prénom de l'héroïne de Rebelle, sorti en 2012 ? Mérida
69%
Quelle saison est liée au mot Coquin dans un long-métrage de 1947 Le printemps
68%
Quel personnage rencontre en 2012 son acolyte Vanellope ? Ralph
66%
Comment se prénomme le meilleur de Flash McQueen ? Martin
64%
Complétez le titre : ''Bienvenue chez les ..." ? Robinson
64%
Après 2010 Dans quel dessin animé de 2016 retrouve Judy Hopps et Nick Wilde ? Zootopie
63%
Titres de dessins animés (en français) Quel est le titre exact du classique d'animation où l'on retrouve notamment Basil et Olivia ? Basil, détective privé
60%
Quel est le prénom du propriétaire de la tirelire Bayonne et du dinosaure Rex ? Andy
59%
Lieux Dans quel archipel Stitch rencontre-t-il la petite Lilo ? Hawaï
59%
Dans quel long-métrage retrouve-t-on Sulli et Bob pour la première fois ? Monstres et Cie
59%
Qui est Coco pour Miguel ? Son arrière-grand-mère
59%
Pour quel objet Pimprenelle et Flora se disputent la couleur ? Une robe
58%
Enfants Dans le dessin animé Peter Pan, les enfants Darling se prénomment Wendy, Michel et ? Jean
56%
Quelle méchante a pour hommes de main Horace et Jasper ? Cruella d'Enfer
55%
Avant 1945 Comment s'intitule le 3ème classique d'animation Disney ayant pour personnage principal Mickey ? Fantasia
54%
Quel nain découvert en 1937 est le seul des sept à avoir des sourcils blancs ? Joyeux
53%
Quel est le nom du titre original ''Libérée, Délivrée'' ? Let it Go
52%
Méchants Dans quel dessin animé retrouve-t-on la sorcière Madame Mim ? Merlin l'Enchanteur
49%
Musiques Pour quel dessin animé Elton John a-t-il composé plusieurs chansons ? Le Roi Lion
48%
Objets Quel personnage a pour une mère une théière prénommée Madame Samovar ? Zip
47%
Dans quel long métrage retrouve-t-on la souris Roquefort ? Les Aristochats
45%
Quel lieu disparu cherche Milo Thatch et Ramirez ? L'Atlantide
44%
Comment s'appelle le bébé de la famille Parr ? Jack-Jack
43%
Quel chanteur britannique interprète de nombreuses chansons de Tarzan ? Phil Collins
43%
Quel est le deuxième classique d'animation Disney (sorti en 1940) ? Pinocchio
43%
De quelle couleur est Morph, la créature polymorphe de La Planète au trésor : Un nouvel univers ? Rose
43%
Quel est le prénom de la femme travaillant Chez Gusteau dans Ratatouille ? Colette
42%
Comment s'appelle le robot gonflable blanc, personnage emblématique du long métrage Les Nouveaux Héros, sorti en 2014 ? Baymax
41%
Pour quel long métrage ce chanteur a-t-il interprété Je m'en vais, Bienvenue et Regarde dans mes yeux ? Frère des Ours
41%
Qui est élevé par Raksha et Akela ? Mowgli
40%
Dans quel état américain se situe l'essentiel de l'intrigue de La Princesse et la Grenouille ? La Louisiane
36%
Quel numéro porte la symphonie de Beethoven que l'on retrouve dans Fantasia 2000 ? 5
35%
Dans quelle dessin animé Tilt a-t-il pour ennemi Le Borgne ? 1001 pattes
33%
Grâce à la plume de quel oiseau Dumbo prend-il le courage de s'envoler en 1941 ? Corbeau
31%
Comment se nomme le raton laveur, ami de Pocahontas ? Meeko
31%
Quelle créature prend vie avec les personnages de La Rocaille, La Muraille et La Volière ? La gargouille
30%
Quel orphelin est recueilli par la veuve Tartine ? Rox
30%
Quelle race de chien est Georgette dans Oliver et Compagnie ? Un caniche
29%
Qui est le premier personnage à sympathiser avec Lumpy l'éfélant ? Petit-Gourou
26%
Comment se prénomme le satyre qui sert de guide à Hercule ? Philoctète
25%
Walt Disney Complétez la citation de Walt Disney : ''Et tout a commencé par ...'' ? Une souris
25%
Dans quel long-métrage le jeune Aladar est adopté par des lémuriens ? Dinosaure
24%
Animaux Quel animal est Jack la chance dans La Ferme se rebelle ? Un lapin
24%
Comment s'appelle la méchante dans Les Aventures de Bernard et Bianca ? Médusa
23%
Quel objet le Seigneur des Ténèbres cherche-t-il grâce au cochon Tirelire ? Le chaudron magique
21%
Quel animal est Frère Tuck dans Robin des Bois ? Un blaireau
21%
Comment s'appelle les deux murènes qui accompagnent Ursula dans La Petite Sirène ? Flotsam et Jetsam
17%
Quel enfant de Oakeys Oaks a reçu un morceau de ciel sur la tête ? Chicken Little
15%
Dans quel restaurant Lady et le Clochard déguste-t-il un plat de spaghettis ? Chez Tony
12%
Quel lac est au centre de la première intrigue de Saludos Amigos ? Le Lac Titicaca
12%
Quel est le nom du père de Bambi, dans le dessin animée sorti en 1942 ? Grand Prince
8%
Aucun quiz correspondant
Distribution des résultats
% des personnes avec chaque résultat
Percentile par nombre de réponses
Votre historique - résultats
Vous n’avez pas pris ce quiz